00378nam a2200121Ia 4500003000400000005001700004008004100021040001800062041000800080100004300088245009300131260003200224OSt20260128123029.0211028s2018 xx 000 0 und d cAIMIT LIBRARY aeng aJaison, Anupama; Dias, Beena.g1616020 aPragmatic effectiveness and vital challenges of recruiting process of portea Bangalore / aMangalorebBeena Diasc2018